000 01124nam a2200313 i 4500
001 179626
003 ES-MaACL
005 20230922180938.0
008 111226s2008 sp |||| |cspa d
020 _a978-980-6741-65-2
080 _a929(=1.460.41:87)"16/18"
080 _a987"1528/1810"
100 1 _aHernández González, Manuel.
_962950
245 1 4 _aLos canarios en la Venezuela colonial (1670-1810) /
_cManuel Hernández González ; presentación, Tomás Straka.
250 _aEd. rev. y amp.
260 _a[Tenerife] :
_bbid & co.,
_c2008.
300 _a601 p. ;
_c21 x 12 cm.
490 1 _aColección histórica ;
_v6
500 _aGlosario.
500 _aÍndice.
504 _aBibliografía: p. 544-555.
650 0 7 _aCanarios-
_xAmérica española.
_910715
651 7 _aVenezuela-
_xHistoria-
_y1528-1810, Época colonial.
_9148859
700 1 _aStraka, Tomás.
_9148860
830 0 _aColección histórica ;
_v6
_9191120
852 _aES-MaACL
_jA-11770
_9186523
_bR.146561
_cDEPO1
_dOlim: N-4775
_xDonación: Manuel Hernández González
942 _2udc
_cMONOGRAFIA
999 _c179626
_d179626